| 000 | 00426nam a22001697a 4500 | ||
|---|---|---|---|
| 003 | NUST | ||
| 038 | _awaseem | ||
| 082 |
_a891.421 _bSha |
||
| 100 |
_aSha, Hashim _917802 |
||
| 245 |
_aSaasi Panou ./ _cHashim Shah |
||
| 260 |
_aIslamabad : _bGreen light Printers, _c2002. |
||
| 300 | _a240 p. ; | ||
| 500 | _aHardcover. | ||
| 880 |
_6100-01\r _aہاشم شاہ |
||
| 880 |
_6245-02\r _aسسی پنوں / |
||
| 942 |
_2ddc _cBK |
||
| 999 |
_c526805 _d526805 |
||